| 000 | 01348nam a2200265Ia 4500 | ||
|---|---|---|---|
| 001 | ebr10478245 | ||
| 003 | CaPaEBR | ||
| 006 | m u | ||
| 007 | cr cn||||||||| | ||
| 008 | 110609s2011 dcu s 000 0 eng d | ||
| 020 | _z9780309187190 | ||
| 040 |
_aCaPaEBR _cCaPaEBR |
||
| 035 | _a(OCoLC)743004667 | ||
| 050 | 1 | 4 |
_aHV6433.3 _b.N38 2011eb |
| 110 | 2 |
_aNational Research Council (U.S.). _bCommittee on Review of the Scientific Approaches Used During the FBI's Investigation of the 2001 Bacillus anthracis Mailings. |
|
| 245 | 1 | 0 |
_aReview of the scientific approaches used during the FBI's investigation of the 2001 anthrax letters _h[electronic resource] / _cCommittee on Review of the Scientific Approaches Used During the FBI's Investigation of the 2001 Bacillus Anthracis Mailings ; National Research Council. |
| 260 |
_aWashington, DC : _bNational Academies Press (NAP), _c2011. |
||
| 300 | _axxii, 209 p. | ||
| 533 |
_aElectronic reproduction. _bPalo Alto, Calif. : _cebrary, _d2011. _nAvailable via World Wide Web. _nAccess may be limited to ebrary affiliated libraries. |
||
| 650 | 0 | _aBioterrorism. | |
| 650 | 0 | _aAnthrax. | |
| 655 | 7 |
_aElectronic books. _2local |
|
| 710 | 2 | _aebrary, Inc. | |
| 856 | 4 | 0 |
_uhttp://site.ebrary.com/lib/rucke/Doc?id=10478245 _zAn electronic book accessible through the World Wide Web; click to view |
| 999 |
_c222495 _d222495 |
||